书目信息 |
| 题名: |
番茄栽培新技术百问百答
|
|
| 作者: | 于锡宏, , 蒋欣梅 , 刘在民 编著 | |
| 分册: | ||
| 出版信息: | 北京 中国农业出版社 2018重印 |
|
| 页数: | 287页 | |
| 开本: | 21cm | |
| 丛书名: | 专家为您答疑丛书 | |
| 单 册: | ||
| 中图分类: | S641.2-44 | |
| 科图分类: | ||
| 主题词: | 番茄--fan qie--蔬菜园艺--基本知识--问答 | |
| 电子资源: | ||
| ISBN: | 978-7-109-21414-9 | |
| 000 | 01207nam 2200325 45 | |
| 001 | 012001000627 | |
| 005 | 20191108095632.68 | |
| 010 | @a978-7-109-21414-9@dCNY25.00 | |
| 099 | @aCAL 012017037577 | |
| 100 | @a20170113d2017 em y0chiy50 ea | |
| 101 | 0 | @achi |
| 102 | @aCN@b110000 | |
| 105 | @aaf a 000yy | |
| 106 | @ar | |
| 200 | 1 | @a番茄栽培新技术百问百答@AFan Qie Zai Pei Xin Ji Shu Bai Wen Bai Da@f于锡宏, 蒋欣梅, 刘在民编著 |
| 205 | @a第3版 | |
| 210 | @a北京@c中国农业出版社@d2018重印 | |
| 215 | @a287页@c图@d21cm | |
| 225 | 2 | @a专家为您答疑丛书@AZhuan Jia Wei Nin Da Yi Cong Shu |
| 300 | @a国家重点图书 精品版 | |
| 320 | @a有书目 (第286-287页) | |
| 330 | @a本书以问答的方式, 由浅入深地对番茄的起源、营养价值、生长发育的特性、品种特性、生产中常见的问题、棚室及露地番茄生产的栽培技术、常见病虫害的发病症状和、防治措施等进行了介绍。 | |
| 410 | 0 | @12001 @a专家为您答疑丛书 |
| 606 | 0 | @a番茄@Afan qie@x蔬菜园艺@x基本知识@j问答 |
| 690 | @aS641.2-44@v5 | |
| 701 | 0 | @a于锡宏,@AYu Xihong@f1965-@4编著 |
| 701 | 0 | @a蒋欣梅@AJiang Xinmei@f1968-@4编著 |
| 701 | 0 | @a刘在民@ALiu Zaimin@f1981-@4编著 |
| 801 | 0 | @aCN@b北京卓展文化@c20191020 |
| 905 | @b1200732-5@dS641.2-44@e513=3@f4 | |
| 番茄栽培新技术百问百答/于锡宏, 蒋欣梅, 刘在民编著.-第3版.-北京:中国农业出版社,2018重印 |
| 287页:图;21cm.-(专家为您答疑丛书) |
| 国家重点图书 精品版 |
| ISBN 978-7-109-21414-9:CNY25.00 |
| 本书以问答的方式, 由浅入深地对番茄的起源、营养价值、生长发育的特性、品种特性、生产中常见的问题、棚室及露地番茄生产的栽培技术、常见病虫害的发病症状和、防治措施等进行了介绍。 |
| ● |
| 相关链接 |
|
|
|
|
正题名:番茄栽培新技术百问百答
索取号:S641.2-44/513=3
 
预约/预借
| 序号 | 登录号 | 条形码 | 馆藏地/架位号 | 状态 | 备注 |
| 1 | 1200732 | 212007326 | 第二样本阅览室/ [索取号:S641.2-44/513=3] | 在馆 | |
| 2 | 1200733 | 212007335 | 第三借阅区/ [索取号:S641.2-44/513=3] | 在馆 | |
| 3 | 1200734 | 212007344 | 第三借阅区/ [索取号:S641.2-44/513=3] | 在馆 | |
| 4 | 1200735 | 212007353 | 第三借阅区/ [索取号:S641.2-44/513=3] | 在馆 |